Visualizzazione normale
Vista MARC
- Cameron James
di Personal Name
Records bibliografici associati: 5
001 - CONTROL NUMBER
- control field: 36618
003 - CONTROL NUMBER IDENTIFIER
- control field: IT-RoPau
005 - DATE AND TIME OF LATEST TRANSACTION
- control field: 20151125145847.0
008 - FIXED-LENGTH DATA ELEMENTS
- fixed length control field: 151125|| aca||aabn | a|a d
040 ## - CATALOGING SOURCE
- Original cataloging agency: IT-RoPau
- Transcribing agency: IT-RoPau
100 ## - HEADING--PERSONAL NAME
- Personal name: Cameron James
- Miscellaneous information: Codice regista SPICS: 51310
670 ## - SOURCE DATA FOUND
- Source citation: Work cat.: (IT-RoPau)104601: Cameron James Codice regista SPICS: 51310, JAMES CAMERON - ALIENS - THE ABYSS - TITANIC JAMES CAMERON - ALIENS - THE ABYSS - TITANIC (Rif. Codice opera principale : H8021)